书目信息 |
| 题名: |
中国常用成语典故名言故事源流辞书
|
|
| 作者: | 大力 | |
| 分册: | 上 | |
| 出版信息: | 哈尔滨 黑龙江省出版总社 31168 |
|
| 页数: | 545页 | |
| 开本: | 20cm | |
| 丛书名: | ||
| 单 册: | ||
| 中图分类: | Z32 , I136.3 | |
| 科图分类: | ||
| 主题词: | 戏剧文学--作品集--世界 | |
| 电子资源: | ||
| ISBN: | ||
| 000 | 00587nam0 2200193 450 | |
| 001 | 1558062530 | |
| 005 | 20150128080544.85 | |
| 010 | @dCNY8.00 | |
| 100 | @a20070819d km y0chiy0120 ea | |
| 101 | 0 | @achi |
| 200 | 1 | @a中国常用成语典故名言故事源流辞书@Azhong guo chang yong cheng yu dian gu ming yan gu shi yuan liu ci shu@h上@f大力等@Fda li deng |
| 210 | @a哈尔滨@c黑龙江省出版总社@d31168 | |
| 215 | @a545页@d20cm | |
| 606 | 0 | @a戏剧文学@x作品集@x世界 |
| 690 | @aZ32@v3 | |
| 690 | @aI136.3@v4 | |
| 701 | 0 | @a大力@Ada li |
| 801 | 0 | @aCN@bTSSF@c20150128 |
| 905 | @aZUCC@dI136.3@eJY56:1@f1 | |
| 中国常用成语典故名言故事源流辞书.上/大力等.-哈尔滨:黑龙江省出版总社,31168 |
| 545页;20cm |
| ISBN :CNY8.00 |
| ● |
| 相关链接 |
|
|
|
|
正题名:中国常用成语典故名言故事源流辞书
索取号:I136.3/JY56:1
 
预约/预借
| 序号 | 登录号 | 条形码 | 馆藏地/架位号 | 状态 | 备注 |
| 1 | 7850534 | 278505342 | 学院路分馆/ [索取号:I136.3/JY56:1] | 在馆 |